000 00433nam a2200157Ia 4500
008 230524s9999 xx 000 0 und d
082 _a5.133
_bGRO
100 _aNaresh Grover
245 0 _a"Microprocessors - Comprehensive Studies (Architecture,Programming& Interfacing)"
250 _a1ST
260 _aMUMBAI
_bDhanpat Rai & Co
_c2004
300 _aXIV;664
500 _aQuantity Number: 2
650 _aComp-Sc
942 _cBK
999 _c36587
_d36587